| 000 | 00714nam a2200181Ia 4500 | ||
|---|---|---|---|
| 008 | 151018s9999 xx 000 0 und d | ||
| 082 |
_bRBASDV43330 _a503 |
||
| 100 | _aसुरेंद्रकुमार विजय | ||
| 245 | _aविज्ञान प्रश्नोत्तरी | ||
| 250 | _b1 | ||
| 260 |
_bक्वालिटी पब्लिकेशन _c2006 |
||
| 300 | _a198 | ||
| 600 | _aसुरेंद्रकुमार विजय | ||
| 630 | _aविज्ञान प्रश्नोत्तरी | ||
| 700 | _aसुरेंद्रकुमार विजय | ||
| 730 | _aविज्ञान प्रश्नोत्तरी | ||
| 942 | _cBOOK | ||
| 999 |
_c1042544 _d1042541 |
||